| 000 | 00882nam0a22002531 4500 | ||
|---|---|---|---|
| 001 | rc\4215252 | ||
| 005 | 20130415200229.7 | ||
| 035 | _a(NLR Aleph) 008012519 | ||
| 090 |
_a8709387 _c8709387 |
||
| 100 | _a20130415d1952 |||y0rusy50 ca | ||
| 101 | 1 |
_arus _clit |
|
| 102 | _aRU | ||
| 105 | _aa z |||a| | ||
| 200 | 1 |
_aДружба _e[Поэма _eДля детей] _fАвториз. пер. с литов. А. Кленова _gИл. Д. Тарабилдене |
|
| 210 |
_a[Каунас] _cГос. изд-во худож. лит. Литов. ССР _d[1952] |
||
| 215 |
_a[16] с. _cил. _d29 |
||
| 700 | 1 |
_aРеймерис _bВ. К. _f1921- _gВацис Казимирович |
|
| 702 | 1 |
_aТарабилдене _bД. _4440 |
|
| 702 | 1 |
_aКленов _bА. _4730 |
|
| 801 | 0 |
_aRU _bNLR _gpsbo |
|
| 801 | 1 |
_aRU _bELAR _2rusmarc |
|
| 852 |
_aNLR _jДл02 Г-8/817 |
||
| 942 | _cBOOK | ||
| 980 | _aNB | ||